The lie of the land : challenging received wisdom on the African environment / (Record no. 159)

000 -LEADER
fixed length control field 01139cam a2200301 a 4500
001 - CONTROL NUMBER
control field 3055025
003 - CONTROL NUMBER IDENTIFIER
control field OSt
005 - DATE AND TIME OF LATEST TRANSACTION
control field 20140116120820.0
008 - FIXED-LENGTH DATA ELEMENTS--GENERAL INFORMATION
fixed length control field 961118s1996 enkab b 001 0 eng
010 ## - LIBRARY OF CONGRESS CONTROL NUMBER
LC control number 96049147
020 ## - INTERNATIONAL STANDARD BOOK NUMBER
International Standard Book Number 9780852554098
040 ## - CATALOGING SOURCE
Original cataloging agency DLC
Transcribing agency DLC
Modifying agency DLC
043 ## - GEOGRAPHIC AREA CODE
Geographic area code f------
050 00 - LIBRARY OF CONGRESS CALL NUMBER
Classification number GE190.A35L54 1996
245 04 - TITLE STATEMENT
Title The lie of the land : challenging received wisdom on the African environment /
Statement of responsibility, etc edited by Melissa Leach & Robin Mearns.
260 ## - PUBLICATION, DISTRIBUTION, ETC. (IMPRINT)
Place of publication, distribution, etc Oxford :
Name of publisher, distributor, etc International African Institute in assocation with James Currey ;
Place of publication, distribution, etc Portsmouth, N.H. :
Name of publisher, distributor, etc Heinemann,
Date of publication, distribution, etc 1996.
300 ## - PHYSICAL DESCRIPTION
Extent xvi, 240 p. :
Other physical details ill. ;
Dimensions 23 cm.
440 #0 - SERIES STATEMENT/ADDED ENTRY--TITLE
Title African issues
504 ## - BIBLIOGRAPHY, ETC. NOTE
Bibliography, etc Includes bibliographical references and index.
650 #0 - SUBJECT ADDED ENTRY--TOPICAL TERM
Topical term or geographic name as entry element Environmental policy
Geographic subdivision Africa.
650 #0 - SUBJECT ADDED ENTRY--TOPICAL TERM
Topical term or geographic name as entry element Environmental management
Geographic subdivision Africa.
651 #0 - SUBJECT ADDED ENTRY--GEOGRAPHIC NAME
Geographic name Africa
General subdivision Environmental conditions.
700 1# - ADDED ENTRY--PERSONAL NAME
Personal name Leach, Melissa.
700 1# - ADDED ENTRY--PERSONAL NAME
Personal name Mearns, Robin.
906 ## - LOCAL DATA ELEMENT F, LDF (RLIN)
a 7
b cbc
c orignew
d 1
e ocip
f 19
g y-gencatlg
942 ## - ADDED ENTRY ELEMENTS (KOHA)
Source of classification or shelving scheme
Koha item type Book
Holdings
Withdrawn status Lost status Source of classification or shelving scheme Damaged status Not for loan Home library Current library Date acquired Source of acquisition Total Checkouts Full call number Barcode Date last seen Date checked out Copy number Price effective from Koha item type
          Riara University Library Riara University Library 10/10/2011 Purchase 1 GE190.A35L54 1996 2505/11 06/12/2011 06/12/2011 C.1 10/10/2011 Book
          Riara University Library Riara University Library 10/10/2011 Purchase 2 GE190.A35L54 1996 2504/11 18/11/2014 29/10/2014 C.2 10/10/2011 Book
          Riara University Library Riara University Library 10/10/2011 Purchase   GE190.A35L54 1996 2503/11 10/10/2011   C.3 10/10/2011 Book

Riara University Library,
P.O. Box 49940-00100,
Nairobi, Kenya.